000 00569cam a22001577a 4500
008 180718b2005 xxu||||| |||| 00| 0 eng d
082 _aAPPPA/2004-05/ANI/5
100 _aAnil Kumar
245 _aTowards a convergence legislation in India - has the development of the infrastructure been adequate?
_cby Anil Kumar
260 _aNew Delhi
_bIndian Institute of Public Administration
_c2005
300 _a132p.
500 _aAn APPPA M.Phil dissertation, 2004-05 (Guide: J.C. Kapur)
650 _aInfrastructure
650 _aDevelopment
650 _aLegislation-India
999 _c493120
_d493120